Le poste d’urgence médicopsychologique téléphonique : un nouvel outil dans la prise en charge du trauma par les CUMP (notice n° 1576833)
[ vue normale ]
| 000 -LEADER | |
|---|---|
| fixed length control field | 01585cam a2200205 4500500 |
| 005 - DATE AND TIME OF LATEST TRANSACTION | |
| control field | 20251214042359.0 |
| 041 ## - LANGUAGE CODE | |
| Language code of text/sound track or separate title | fre |
| 042 ## - AUTHENTICATION CODE | |
| Authentication code | dc |
| 100 10 - MAIN ENTRY--PERSONAL NAME | |
| Personal name | Abgrall, G. |
| Relator term | author |
| 245 00 - TITLE STATEMENT | |
| Title | Le poste d’urgence médicopsychologique téléphonique : un nouvel outil dans la prise en charge du trauma par les CUMP |
| 260 ## - PUBLICATION, DISTRIBUTION, ETC. | |
| Date of publication, distribution, etc. | 2020.<br/> |
| 500 ## - GENERAL NOTE | |
| General note | 42 |
| 520 ## - SUMMARY, ETC. | |
| Summary, etc. | De nombreuses études épidémiologiques montrent l’association entre les expositions au radon, gaz radioactif naturellement présent dans les sols, qui pénètre et se concentre dans les bâtiments, et la mortalité par cancer du poumon. Afin de déterminer l’impact sanitaire des expositions au radon dans l’air intérieur pour la population chinoise, une méta-analyse des travaux internationaux les plus récents a été conduite. |
| 520 ## - SUMMARY, ETC. | |
| Summary, etc. | Numerous epidemiological studies show the association between exposure to radon, a radioactive gas naturally present in the earth, which penetrates and is concentrated in buildings, and mortality from lung cancer. In order to identify the health implications of exposure to radon in indoor air for the Chinese population, a meta-analysis of the most recent international studies was carried out. |
| 700 10 - ADDED ENTRY--PERSONAL NAME | |
| Personal name | Neff, E. |
| Relator term | author |
| 700 10 - ADDED ENTRY--PERSONAL NAME | |
| Personal name | Deloche-Gaudez, Florence |
| Relator term | author |
| 700 10 - ADDED ENTRY--PERSONAL NAME | |
| Personal name | Akhounak, S. |
| Relator term | author |
| 786 0# - DATA SOURCE ENTRY | |
| Note | Annales françaises de médecine d’urgence | 10 | 3 | 2020-05-09 | p. 131-138 | 2108-6524 |
| 856 41 - ELECTRONIC LOCATION AND ACCESS | |
| Uniform Resource Identifier | <a href="https://stm.cairn.info/revue-annales-francaises-de-medecine-d-urgence-2020-3-page-131?lang=fr&redirect-ssocas=7080">https://stm.cairn.info/revue-annales-francaises-de-medecine-d-urgence-2020-3-page-131?lang=fr&redirect-ssocas=7080</a> |
Pas d'exemplaire disponible.




Réseaux sociaux